Chân dụng nghệ thuật Võ Nguyên Giáp
cuốn sách sẽ xây dựng một hình ảnh sống động, đầy chất nghệ thuật về một trong những nhà lãnh đạo tài ba nhất mà thế kỷ 20 từng sinh ra.
Bewaard in:
| Hoofdauteur: | |
|---|---|
| Formaat: | Boek |
| Taal: | Undetermined |
| Gepubliceerd in: |
Thành phố Hồ Chí Minh
Trẻ
2013
|
| Onderwerpen: | |
| Tags: |
Voeg label toe
Geen labels, Wees de eerste die dit record labelt!
|
| Thư viện lưu trữ: | Trung tâm Học liệu Trường Đại học Cần Thơ |
|---|
| LEADER | 00879nam a2200229Ia 4500 | ||
|---|---|---|---|
| 001 | CTU_188618 | ||
| 008 | 210402s9999 xx 000 0 und d | ||
| 020 | |c 190000 | ||
| 082 | |a 959.7092 | ||
| 082 | |b Đ552 | ||
| 100 | |a Tạ, Đức | ||
| 245 | 0 | |a Chân dụng nghệ thuật Võ Nguyên Giáp | |
| 245 | 0 | |c Tạ Đức ; Nam An dịch | |
| 260 | |a Thành phố Hồ Chí Minh | ||
| 260 | |b Trẻ | ||
| 260 | |c 2013 | ||
| 520 | |a cuốn sách sẽ xây dựng một hình ảnh sống động, đầy chất nghệ thuật về một trong những nhà lãnh đạo tài ba nhất mà thế kỷ 20 từng sinh ra. | ||
| 650 | |a General,Vo Nguyen Giap,Đại tướng | ||
| 650 | |x Biography,Tiểu sử | ||
| 650 | |z Vietnam | ||
| 910 | |a Hải | ||
| 980 | |a Trung tâm Học liệu Trường Đại học Cần Thơ | ||